Avtomatizacija proizvodstva i promyšlennaja elektronika 2. K-P

Salvato in:
Dettagli Bibliografici
Natura: Libro
Lingua:russo
Pubblicazione: Moskva : Sovetskaja enciklopedija, 1963
Soggetti:
Tags: Aggiungi Tag
Nessun Tag, puoi essere il primo ad aggiungerne!!

MARC

LEADER 00000nam a22000003a 4500
001 stu34488
005 20141122053546.8
008 920318s1963----xxr-----------------rus-d
040 |a STU  |b slo 
041 0 |a rus 
044 |a xxr 
245 |a Avtomatizacija proizvodstva i promyšlennaja elektronika 2. K-P 
260 |a Moskva :  |b Sovetskaja enciklopedija,  |c 1963 
300 |a 528 s 
650 7 |a Elektronika priemyselná  |2 stusub 
996 |b 284M016094  |c M*3906/2-1  |l MMKN  |s A  |a 24  |w stu34488_0001